00378nam a2200157Ia 450000500170000000800410001704100080005808200150006610000130008124500250009426000230011930000090014250000280015165000280017970000130020720251120192243.0230125s9999 xx 000 0 und d aeng a158.1bDYE aDyer W W aThe Sky is the limit c1980bDyer W W pub a364p aPersonality Development aPersonality Development aDyer W W